00279nam a2200121Ia 4500008004100000041000800041082001500049100001200064245001600076260002800092300003000120365000700150240624s9999 xx 000 0 und d aeng a344.01 TAX aTAXMANN aLABOUR LAWS c2005aNew DelhibTaxman a31, : 626 : p. : cm. ; 25 cRS